000 00573cam a22002171 4500
001 he 67001166
003 DLC
005 20260227111447.0
008 830512s1904 pl 000 0 heb
010 _ahe 67001166
035 _a(OCoLC)19159835
040 _aDLC
_cMH
_dDLC
042 _apremarc
050 0 0 _aBM522.21
_b.R9 1904
100 0 _aAryeh Jacob,
_cof Smela,
_d-1827.
245 1 0 _aSheʼelot u-teshuvot.
260 _aPiotrków :
_bN. N. Ḳronenberg,
_c1904.
300 _a46 p. ;
_c24 cm.
650 0 _aResponsa.
752 _aPoland
_dPiotrków Trybunalski
999 _c32435
_d32435